| 000 | 00602nam a22001937a 4500 | ||
|---|---|---|---|
| 005 | 20140910154132.0 | ||
| 010 | _aENG-110787 | ||
| 020 |
_a9788183876124 _c1595.00 |
||
| 035 | _aEN-94319 | ||
| 037 | _bDBAD/PUB | ||
| 082 | _a362.10425 | ||
| 100 | _aSundar, I. | ||
| 245 |
_aPrinciples of medical social work / _cby I. Sundar |
||
| 260 |
_aDelhi _bSerials Publications _c2014 |
||
| 270 |
_a4830/24,Prahlad Street, Ansari Road ,Darya Ganj _bNew Delhi _e110002 |
||
| 300 |
_axv,368p. _c25cm(Hb) |
||
| 500 | _aIncludes bibliographical references | ||
| 942 |
_2ddc _cEN _h362.10425 _mSUN |
||
| 999 |
_c88414 _d88414 |
||